Escena/ (Record no. 3451)

MARC details
000 -LEADER
campo de control de longitud fija 01877nam a22003617a 4500
003 - IDENTIFICADOR DE NÚMERO DE CONTROL
campo de control OSt
005 - FECHA Y HORA DE LA ÚLTIMA TRANSACCIÓN
campo de control 20230424093042.0
008 - DATOS DE LONGITUD FIJA--INFORMACIÓN GENERAL
campo de control de longitud fija 221006b |||||||| |||| 00| 0 eng d
040 ## - FUENTE DE CATALOGACIÓN
Centro/agencia transcriptor Biblioteca Lado V
082 ## - NÚMERO DE LA CLASIFICACIÓN DECIMAL DEWEY
Número de clasificación 792.05
Número de ítem G143e
100 ## - ENTRADA PRINCIPAL--NOMBRE DE PERSONA
9 (RLIN) 812
Nombre de persona Gainza, Gaston
Término indicativo de función/relación editor
245 ## - MENCIÓN DEL TÍTULO
Título Escena/
Resto del título Revista de las Artes/
260 ## - PUBLICACIÓN, DISTRIBUCIÓN, ETC.
Nombre del editor, distribuidor, etc. Universidad de Costa Rica
-- Vicerrectoria de acción social
Fecha de publicación, distribución, etc. 2006
Lugar de publicación, distribución, etc. Costa Rica
300 ## - DESCRIPCIÓN FÍSICA
Dimensiones 21x28cm
Extensión 111p.
490 ## - MENCIÓN DE SERIE
Designación de volumen o secuencia 2006
-- 29
Número Internacional Normalizado para Publicaciones Seriadas 1409 2522
Mención de serie 59
505 ## - NOTA DE CONTENIDO CON FORMATO
Título Editorial
505 ## - NOTA DE CONTENIDO CON FORMATO
Título Artes Visuales
Nota de contenido con formato Sin Retorno: Formas artísticas de la experiencia turística<br/><br/>
505 ## - NOTA DE CONTENIDO CON FORMATO
Título Muralismo Mexicano
Nota de contenido con formato Arte Publico, Identidad, memoria colectiva<br/><br/>La huella gráfica de Juanita Segundo Sanchez<br/><br/>
505 ## - NOTA DE CONTENIDO CON FORMATO
Título Literatura
Nota de contenido con formato El Pájaro Azul de Ruben Dario y the bluebird de Charles Bukowski<br/><br/>
505 ## - NOTA DE CONTENIDO CON FORMATO
Título Musica
Nota de contenido con formato Lo que se baila en Costa Rica: El Bolero<br/><br/>Una Aproximación al personaje
505 ## - NOTA DE CONTENIDO CON FORMATO
Título Seccion Rescate
Nota de contenido con formato La fotografía de la Ciudad de San Jose
505 ## - NOTA DE CONTENIDO CON FORMATO
Título Teatro
Nota de contenido con formato La redención de Breda: Variaciones sobre un tema histórico<br/><br/>El sitio de Breda en Calderon de la Barca<br/><br/>El Juego del Anima y el animus<br/><br/>El discurso teatral de Rodolfo Usigli<br/><br/>Miguel Rojas: Fragmentos de un hombre creador y los nublados del día
650 ## - PUNTO DE ACCESO ADICIONAL DE MATERIA--TÉRMINO DE MATERIA
Fuente del encabezamiento o término Tesauro de Arte & Arquitectura
Término de materia o nombre geográfico como elemento de entrada ARTE
9 (RLIN) 703
650 ## - PUNTO DE ACCESO ADICIONAL DE MATERIA--TÉRMINO DE MATERIA
Fuente del encabezamiento o término Tesauro de Arte & Arquitectura
Término de materia o nombre geográfico como elemento de entrada HISTORIA
650 ## - PUNTO DE ACCESO ADICIONAL DE MATERIA--TÉRMINO DE MATERIA
Fuente del encabezamiento o término Tesauro de Arte & Arquitectura
Término de materia o nombre geográfico como elemento de entrada ARTE COSTARRICENSE
650 ## - PUNTO DE ACCESO ADICIONAL DE MATERIA--TÉRMINO DE MATERIA
Fuente del encabezamiento o término Tesauro de Arte & Arquitectura
Término de materia o nombre geográfico como elemento de entrada CULTURA
650 ## - PUNTO DE ACCESO ADICIONAL DE MATERIA--TÉRMINO DE MATERIA
Fuente del encabezamiento o término Tesauro de Arte & Arquitectura
Término de materia o nombre geográfico como elemento de entrada ARTE LATINOAMERICANO
650 ## - PUNTO DE ACCESO ADICIONAL DE MATERIA--TÉRMINO DE MATERIA
Fuente del encabezamiento o término Tesauro de Arte & Arquitectura
Término de materia o nombre geográfico como elemento de entrada TEORIA
650 ## - PUNTO DE ACCESO ADICIONAL DE MATERIA--TÉRMINO DE MATERIA
Fuente del encabezamiento o término Tesauro de Arte & Arquitectura
Término de materia o nombre geográfico como elemento de entrada CRITICA
650 ## - PUNTO DE ACCESO ADICIONAL DE MATERIA--TÉRMINO DE MATERIA
Fuente del encabezamiento o término Tesauro de Arte & Arquitectura
Término de materia o nombre geográfico como elemento de entrada TEATRO
650 ## - PUNTO DE ACCESO ADICIONAL DE MATERIA--TÉRMINO DE MATERIA
Fuente del encabezamiento o término Tesauro de Arte & Arquitectura
Término de materia o nombre geográfico como elemento de entrada COSTA RICA
942 ## - ELEMENTOS DE ENTRADA SECUNDARIOS (KOHA)
Fuente del sistema de clasificación o colocación Clasificación Decimal Dewey
Tipo de ítem Koha Libros
Parte de la signatura que corresponde a la clasificación (Parte de la clasificación) 792.05
Parte de la signatura que identifica el ejemplar (Parte del ítem) G143e
Suprimir en OPAC No
Holdings
Estatus retirado Estado de pérdida Fuente del sistema de clasificación o colocación Especificación de materiales (volumen encuadernado u otra parte) Estado de daño No para préstamo Colección Biblioteca de origen Biblioteca actual Fecha de adquisición Enumeración/cronología de publicación seriada Número de inventario Total de préstamos Signatura topográfica completa Código de barras Visto por última vez Precio de reemplazo Tipo de ítem Koha
    Clasificación Decimal Dewey 29     Revistas Biblioteca LadoV Biblioteca LadoV 24/04/2023 59 003584   792.05 G143e 003584 24/04/2023 24/04/2023 Libros